000 00425nam a2200181Ia 4500
001 3406
005 20260306145641.0
008 260306t2009||||xx |||||||||||||| ||spa||
041 _aESP
082 _a272.20946
_bD97
100 _aDumont, Jean
_eAUT
245 0 _aJuicio a la inquisición española
260 _c2009
300 _a278 páginas :
_c23 cm.
650 _aGEN
654 _aCHU
942 _cLIB
_dJUS
_fJUS
_2ddc
_n
999 _c3406
_d3406